000 01839cam a22003854a 4500
001 12394882
003 ARRUPE
005 20220421083951.0
008 010430m20019999ne a b 001 0 eng
010 _a 2001029838
020 _a079237018X (v. 1 : alk. paper)
020 _a0792371267 (v. 2 : alk. paper)
020 _a1402005997 (v. 7 : alk. paper)
020 _a1402006659 (v. 8 : alk. paper)
020 _a1402019661 (v. 11 : alk. paper)
020 _a9781402030918 (v.12)
020 _a1402030916 (v.12)
040 _aDLC
_cDLC
_dDLC
042 _apcc
050 0 0 _aBC6
_b.H36 2001
082 0 0 _a160
_221
245 0 0 _aHandbook of philosophical logic /
_cedited by D.M. Gabbay and F. Guenthner.
250 _a2nd ed.
260 _aDordrecht ;
_aBoston :
_bKluwer Academic Publishers,
_cc2001-<c2005>
300 _av. <1-13> :
_bill. ;
_c24 cm.
504 _aIncludes bibliographical references and index.
650 0 _aLogic.
700 1 _aGabbay, Dov M.,
_d1945-
_951347
700 1 _aGuenthner, Franz.
_951348
856 4 2 _3Publisher description
_uhttp://www.loc.gov/catdir/enhancements/fy0663/2001029838-d.html
856 4 1 _3Table of contents only
_uhttp://www.loc.gov/catdir/enhancements/fy0814/2001029838-t.html
906 _a7
_bcbc
_corignew
_d1
_eocip
_f20
_gy-gencatlg
942 _2lcc
_cMONOGRAPH
999 _c131312
_d131312